Dottrens, Robert Éducation et démokratie /

Elmentve itt :
Bibliográfiai részletek
Szerző: Kiss Árpád
Dokumentumtípus: Cikk
Megjelent: 1947
Sorozat:Magyar pedagógia : a Magyar Tudományos Akadémia Pedagógiai Bizottságának folyóirata 56
Kulcsszavak:Neveléselmélet francia 1947, Nevelés
Online Access:http://misc.bibl.u-szeged.hu/11749
LEADER 00673nab a2200181 i 4500
001 misc11749
005 20191106141822.0
008 170607s1947 hu o 0|| hun d
022 |a 0025-0260 
040 |a SZTE Miscellanea Repozitórium  |b hun 
041 |a hun 
100 1 |a Kiss Árpád 
245 1 0 |a Dottrens, Robert  |h [elektronikus dokumentum] :  |b Éducation et démokratie /  |c  Kiss Árpád 
260 |c 1947 
300 |a 51-52 
490 0 |a Magyar pedagógia : a Magyar Tudományos Akadémia Pedagógiai Bizottságának folyóirata  |v 56 
695 |a Neveléselmélet francia 1947, Nevelés 
856 4 0 |u http://misc.bibl.u-szeged.hu/11749/1/mp_1947_4311_051-052.pdf  |z Dokumentum-elérés